LDR 00746naa#a2200193#i#450# 001 EN\RIOR\bibl\124408 005 20260629152612.1 011 ## _a2409-6024 100 ## _a20260530b2026####ek#y0engy0150####ca 102 ## _aRU 200 1# _aPROFESSIONAL PARTNERSHIP OF THE EDUCATIONAL AND REAL SECTORS OF THE RUSSIAN ECONOMY AS AN ELEMENT OF THE MECHANISM OF STATE REGULATION _eJournal article 210 1# _aMoscow _cPublishing Center RIOR _d2026 215 ## _a16 с. 608 ## _aJournal article _2local 675 ## _aЭкономика. Народное хозяйство. Экономические науки. 33 _z 700 #1 _aBariev _gRoman Aleksandrovich 700 #1 _aBodyako _gAnna Vladimirovna 700 #1 _aRogulenko _gTat'yana MIhaylovna 856 4# _ariorpub.com _u